ბათუმის შოთა რუსთაველის სახელმწიფო უნივერსიტეტის ბიბლიოთეკა

Энциклопедический словарь (ბიბ.ჩანაწერი № 44170)

000 -LEADER
fixed length control field 00368nam a2200133Ia 4500
001 - CONTROL NUMBER
control field 10928
003 - CONTROL NUMBER IDENTIFIER
control field GE_BSU
008 - FIXED-LENGTH DATA ELEMENTS--GENERAL INFORMATION
fixed length control field 181216s||||||||xx |||||||||||||| ||und||
040 ## - CATALOGING SOURCE
Transcribing agency GE_BSU
245 ## - TITLE STATEMENT
Title Энциклопедический словарь
245 ## - TITLE STATEMENT
Remainder of title Т.4а=:Бось-Бунчукь.
653 ## - INDEX TERM--UNCONTROLLED
Uncontrolled term Энциклопедический словарь
942 ## - ADDED ENTRY ELEMENTS (KOHA)
Koha item type წიგნი

არაა ხელმისაწვდომი ეგზემპლარები.